000 nam a22 7a 4500
999 _c336696
_d336696
003 IT-MiCISF
005 20170531113043.0
008 170530b xxu||||| |||| 00| 0 eng d
040 _cIT-MiCISF
041 _ait
100 _aBianchi Luca (a cura di)
_956489
245 _aArricchirsi vicendevolmente
_bFamiglia e vita consacrata nell'unico corpo di Cristo
260 _aBologna
_bDehoniane
_c2017
300 _app. 80
500 _apastorale-familiare, oeratori-pastorali, vocazione, famiglia, ministero-coniugale
520 _aL’anno della vita consacrata e i due sinodi dedicati alla riflessione sulla famiglia si incontrano e si intrecciano in questo volume, che raccoglie gli atti della Giornata di studio organizzata nel 2016 dall’Istituto Francescano di Spiritualità della Pontificia Università Antonianum. La riflessione collega le due tematiche con il proposito di riflettere su come le due vocazioni si fecondino reciprocamente e si arricchiscano vicendevolmente.«Famiglia e vita consacrata sono vocazioni portatrici di ricchezza e grazia per tutti, spazi di umanizzazione nella costruzione di relazioni vitali, luoghi di evangelizzazione. Ci si può aiutare gli uni gli altri», ha scritto papa Francesco nella lettera ai consacrati.
650 _apastorale-familiare
_956039
654 _aatti
700 _aGrazioli A.
_aMelone M.
_aBianchi L.
_aDi Pinto R.
_aPasolini R.
_aMartinelli P.
_aBaffetti B.
_aTamanti R.
_956490
942 _2ddc
_cBK